Audit inquiry sparks review at CIB (Record no. 62421)

MARC details
000 -LEADER
fixed length control field 00794cam a2200217 4500
001 - CONTROL NUMBER
control field WB3605-5
008 - FIXED-LENGTH DATA ELEMENTS--GENERAL INFORMATION
fixed length control field 000000n2000 000 0 eng u
035 ## - SYSTEM CONTROL NUMBER
System control number (Sirsi) u104006
245 ## - TITLE STATEMENT
Title Audit inquiry sparks review at CIB
260 ## - PUBLICATION, DISTRIBUTION, ETC.
Date of publication, distribution, etc. 2000
490 ## - SERIES STATEMENT
Series statement Construction News
Volume/sequential designation (6651) 3 February 2000, 4(1)
520 ## - SUMMARY, ETC.
Summary, etc. The Construction Industry Board is reviewing its structure and objectives, due to fears that government funded initiatives such as Movement for Innovation are duplicating their work and services.
590 ## - LOCAL NOTE (RLIN)
Local note WB
650 ## - SUBJECT ADDED ENTRY--TOPICAL TERM
Topical term or geographic name entry element CONSTRUCTION INDUSTRY BOARD
650 ## - SUBJECT ADDED ENTRY--TOPICAL TERM
Topical term or geographic name entry element MOVEMENT FOR INNOVATION
650 ## - SUBJECT ADDED ENTRY--TOPICAL TERM
Topical term or geographic name entry element CONSTRUCTION BEST PRACTICE PROGRAMME
650 ## - SUBJECT ADDED ENTRY--TOPICAL TERM
Topical term or geographic name entry element CONSTRUCTION INITIATIVES
650 ## - SUBJECT ADDED ENTRY--TOPICAL TERM
Topical term or geographic name entry element GOVERNMENT SCHEME
690 ## - LOCAL SUBJECT ADDED ENTRY--TOPICAL TERM (OCLC, RLIN)
Topical term or geographic name as entry element BUILT ENVIRONMENT
942 ## - ADDED ENTRY ELEMENTS (KOHA)
Suppress in OPAC 0
Holdings
Withdrawn status Lost status Source of classification or shelving scheme Damaged status Not for loan Home library Current library Shelving location Date acquired Total Checkouts Full call number Barcode Date last seen Copy number Price effective from Koha item type
    Dewey Decimal Classification     London London News article 03/02/2000   WB3605-05 104006-1001 06/08/2019 1 06/08/2019 News article